[Event "ZMDI-Open 2013"]
[Site "Dresden"]
[Date "2013.08.10"]
[Round "1"]
[White "Meier, G."]
[Black "Jürgens, K."]
[Result "1-0"]
[WhiteElo "2633"]
[BlackElo "2148"]
[PlyCount "81"]

1. e4 c5 2. Nf3 g6 3. d4 cxd4 4. Nxd4 Bg7 5. c4 Nc6 6. Be3 Nf6 7. Nc3 O-O 8.
Be2 d6 9. O-O Bd7 10. Nc2 Qa5 11. f4 Rfd8 12. h3 Nb4 13. Nd4 Rdc8 14. a3 Nc6
15. Nb3 Qd8 16. Rc1 a5 17. Nd2 Nb8 18. Bf3 Ne8 19. Qe2 a4 20. Qf2 Bc6 21. Rcd1
Nd7 22. Ndb1 Qa5 23. Rfe1 Nc7 24. Kh1 Rd8 25. Nd5 Bxd5 26. cxd5 Na6 27. Nc3 b5
28. Bd4 Bxd4 29. Qxd4 b4 30. Ne2 Rac8 31. e5 bxa3 32. bxa3 Nac5 33. Bg4 Nb3 34.
Qe3 Qc5 35. Nd4 Nxd4 36. Rxd4 Qc3 37. Rd3 Qc5 38. e6 Qxe3 39. exf7+ Kf8 40.
Rdxe3 Nf6 41. Bxc8 1-0

[Event "ZMDI-Open 2013"]
[Site "Dresden"]
[Date "2013.08.10"]
[Round "1"]
[White "Shankland, S."]
[Black "Grohde, W."]
[Result "1-0"]
[WhiteElo "2591"]
[BlackElo "2141"]
[PlyCount "61"]

1. e4 c5 2. Nf3 e6 3. d4 cxd4 4. Nxd4 a6 5. Be2 g6 6. O-O Bg7 7. c4 Ne7 8. Nc3
O-O 9. Be3 d5 10. cxd5 exd5 11. exd5 Nxd5 12. Nxd5 Qxd5 13. Bf3 Qe5 14. Rc1 Nd7
15. Qd2 Qd6 16. Rfd1 Ne5 17. Be4 Rb8 18. h3 b5 19. b3 Bb7 20. Bxb7 Rxb7 21. Qa5
Qf6 22. Rc5 Re8 23. Rdc1 Rbe7 24. Nc6 Nxc6 25. Rxc6 Re6 26. Qxa6 Qe5 27. Rxe6
Rxe6 28. Rc8+ Bf8 29. Qa8 Qd6 30. Rd8 Qb4 31. Bh6 1-0

[Event "ZMDI-Open 2013"]
[Site "Dresden"]
[Date "2013.08.10"]
[Round "1"]
[White "Hansch, K."]
[Black "Sengupta, D."]
[Result "0-1"]
[WhiteElo "2141"]
[BlackElo "2580"]
[PlyCount "68"]

1. c4 e6 2. g3 d5 3. Bg2 c6 4. Nf3 dxc4 5. Na3 Qc7 6. Nxc4 b5 7. Nce5 f6 8. Ng4
e5 9. Ne3 Nh6 10. O-O Be7 11. Qc2 Qb6 12. Nd5 Qb7 13. Nxe7 Qxe7 14. Nxe5 fxe5
15. Bxc6+ Nxc6 16. Qxc6+ Qd7 17. Qxa8 O-O 18. Qg2 Bb7 19. f3 e4 20. d3 exf3 21.
Rxf3 Bxf3 22. exf3 Nf5 23. Bf4 Nd4 24. Rf1 Qd5 25. h4 h6 26. Kh1 g5 27. Be3
Nxf3 28. Bf4 g4 29. Bxh6 Re8 30. Rd1 Qe6 31. Bd2 Qe2 32. Rf1 Qxd3 33. Rf2 Qxd2
34. Qxf3 Qe1+ 0-1

[Event "ZMDI-Open 2013"]
[Site "Dresden"]
[Date "2013.08.10"]
[Round "1"]
[White "Oleksienko, M."]
[Black "Günnigmann, M."]
[Result "1-0"]
[WhiteElo "2568"]
[BlackElo "2140"]
[PlyCount "97"]

1. e4 c5 2. Nf3 Nc6 3. d4 cxd4 4. Nxd4 Nf6 5. Nc3 e5 6. Ndb5 d6 7. Bg5 a6 8.
Na3 b5 9. Bxf6 gxf6 10. Nd5 Bg7 11. Bd3 Ne7 12. Nxe7 Qxe7 13. O-O O-O 14. c4 f5
15. Qf3 d5 16. cxd5 fxe4 17. Bxe4 Rb8 18. Rac1 f5 19. Rxc8 Rbxc8 20. Bxf5 Rcd8
21. Qh3 h6 22. Nc2 Qg5 23. Ne3 Kh8 24. b3 Rf6 25. Qg4 Qxg4 26. Bxg4 Rf4 27. Rc1
Rd4 28. Rc6 a5 29. Ra6 a4 30. g3 axb3 31. axb3 Bf8 32. Be6 Rd2 33. Rc6 Ra8 34.
Ng4 Ra1+ 35. Kg2 Raa2 36. Rc8 Kg7 37. Rc7+ Kh8 38. Bf5 Bd6 39. Rh7+ Kg8 40.
Nxh6+ Kf8 41. Rf7+ Ke8 42. Be6 Bc5 43. Ng4 Kd8 44. Rd7+ Kc8 45. Kh3 Bxf2 46.
Nxe5 Kb8 47. Nc6+ Ka8 48. Rf7 Bc5 49. Bc8 1-0

[Event "ZMDI-Open 2013"]
[Site "Dresden"]
[Date "2013.08.10"]
[Round "1"]
[White "Richter, L."]
[Black "Prohaszka, P."]
[Result "0-1"]
[WhiteElo "2136"]
[BlackElo "2568"]
[PlyCount "46"]

1. e4 c6 2. d4 d5 3. exd5 cxd5 4. c4 Nf6 5. Nc3 Nc6 6. Bg5 Ne4 7. Nxe4 dxe4 8.
d5 Ne5 9. Qd4 f6 10. Qxe4 Qb6 11. O-O-O Qxf2 12. Bf4 g6 13. Nh3 Qb6 14. Be3 Qa5
15. c5 Bf5 16. Qd4 Qxa2 17. Bb5+ Kf7 18. Ng5+ fxg5 19. Rhf1 Bg7 20. d6 Qa1+ 21.
Kd2 Qa5+ 22. Kc1 Qxb5 23. dxe7 Nd3+ 0-1

[Event "ZMDI-Open 2013"]
[Site "Dresden"]
[Date "2013.08.10"]
[Round "1"]
[White "Greenfeld, A."]
[Black "Rother, M."]
[Result "1-0"]
[WhiteElo "2552"]
[BlackElo "2136"]
[PlyCount "50"]
[EventDate "11.??.??"]

1. Nf3 Nf6 2. c4 c6 3. Nc3 d5 4. d4 e6 5. g3 dxc4 6. Bg2 b5 7. O-O Nd5 8. e4
Nxc3 9. bxc3 Bb7 10. Ng5 Nd7 11. Qf3 Qf6 12. Qd1 g6 13. e5 Qg7 14. a4 a6 15.
Ne4 Rb8 16. Nf6+ Nxf6 17. exf6 Qxf6 18. Bf4 Qd8 19. Be5 f6 20. Bxb8 Qxb8 21.
Re1 Kf7 22. Qe2 Qc8 23. axb5 axb5 24. Ra7 e5 25. dxe5 Bc5 1-0

[Event "ZMDI-Open 2013"]
[Site "Dresden"]
[Date "2013.08.10"]
[Round "1"]
[White "Urban, L."]
[Black "Blübaum, M."]
[Result "0-1"]
[WhiteElo "2123"]
[BlackElo "2513"]
[PlyCount "82"]
[EventDate "2013.??.??"]

1. d4 d5 2. c4 c6 3. cxd5 cxd5 4. Nc3 Nf6 5. Nf3 Nc6 6. Bf4 a6 7. e3 Bg4 8. h3
Bxf3 9. Qxf3 Qb6 10. Rb1 e6 11. Qd1 Be7 12. Bd3 O-O 13. O-O Rfc8 14. a3 Qd8 15.
Ne2 Na5 16. f3 Nc4 17. e4 Qb6 18. Bg5 h6 19. Bc1 dxe4 20. fxe4 e5 21. Bxc4 Rxc4
22. Qd3 Rac8 23. Be3 exd4 24. Bxd4 Rxd4 25. Nxd4 Rd8 26. e5 Rxd4 27. Qe3 Nd5
28. Qf2 Rd2 29. Qxb6 Nxb6 30. Rbc1 Rxb2 31. Rc7 Nd5 32. Rc8+ Kh7 33. Rxf7 Re2
34. Rb8 b6 35. Rb7 Rxe5 36. Rd7 Bc5+ 37. Kh2 Ne7 38. Rd3 Re1 39. Kg3 Kg6 40.
Rf4 h5 41. Kf3 Nc6 0-1

[Event "ZMDI-Open 2013"]
[Site "Dresden"]
[Date "2013.08.10"]
[Round "1"]
[White "Pancevski, F."]
[Black "Hansch, T."]
[Result "1-0"]
[WhiteElo "2506"]
[BlackElo "2116"]
[PlyCount "43"]
[EventDate "2013.??.??"]

1. e4 c5 2. Nf3 d6 3. d4 cxd4 4. Nxd4 Nf6 5. Nc3 a6 6. h3 e5 7. Nde2 h5 8. Bg5
Be7 9. Bxf6 Bxf6 10. Nd5 b5 11. a4 bxa4 12. Nec3 Nd7 13. Rxa4 Bb7 14. Bc4 Nb6
15. Rb4 Bxd5 16. Bxd5 Rc8 17. Bb7 Rxc3 18. bxc3 Qc7 19. O-O Qxb7 20. Qxd6 Nc8
21. Qxf6 Qxb4 22. Qc6+ 1-0

[Event "ZMDI-Open 2013"]
[Site "Dresden"]
[Date "2013.08.10"]
[Round "1"]
[White "Mertens, F."]
[Black "Donchenko, A."]
[Result "0-1"]
[WhiteElo "2097"]
[BlackElo "2477"]
[PlyCount "84"]
[EventDate "2013.??.??"]

1. e4 c5 2. Nf3 d6 3. d4 cxd4 4. Nxd4 Nf6 5. Nc3 a6 6. Bg5 Nbd7 7. f4 Qc7 8.
Qf3 h6 9. Bh4 g5 10. fxg5 hxg5 11. Bxg5 Qc5 12. Nf5 e6 13. Bxf6 Nxf6 14. Nxd6+
Bxd6 15. Qxf6 Bg3+ 16. Kd2 Be5 17. Qf3 b5 18. a3 Bb7 19. Rd1 Rc8 20. Kc1 Ke7
21. Rd3 Rc7 22. g3 f5 23. Qe3 Qxe3+ 24. Rxe3 Bxc3 25. Rxc3 Rxc3 26. bxc3 Bxe4
27. Rg1 Rxh2 28. Bd3 Bxd3 29. cxd3 Ra2 30. Kb1 Rxa3 31. Kb2 b4 32. cxb4 Rxd3
33. Kc2 Ra3 34. g4 f4 35. g5 Rg3 36. Rf1 e5 37. Ra1 Rxg5 38. Rxa6 e4 39. Kd2
Rg2+ 40. Ke1 e3 41. Ra3 Ke6 42. Rb3 Kd5 0-1

[Event "ZMDI-Open 2013"]
[Site "Dresden"]
[Date "2013.08.10"]
[Round "1"]
[White "Bryzgalin, K."]
[Black "Stock, A."]
[Result "1-0"]
[WhiteElo "2465"]
[BlackElo "2096"]
[PlyCount "89"]
[EventDate "2013.??.??"]

1. e4 c5 2. Nf3 Nc6 3. d4 cxd4 4. Nxd4 g6 5. c4 Nf6 6. Nc3 Nxd4 7. Qxd4 d6 8.
Be3 Bg7 9. Be2 O-O 10. Qd2 Be6 11. O-O Qa5 12. Rac1 Rfc8 13. b3 a6 14. Bf3 Rab8
15. Rfe1 Nd7 16. Nd5 Qxd2 17. Bxd2 Bxd5 18. exd5 Kf8 19. Bg4 Rc7 20. Kf1 Nc5
21. Rc2 f5 22. Bf3 Nd3 23. Rd1 Ne5 24. Be2 b5 25. f4 Nd7 26. Ba5 Rcc8 27. b4
bxc4 28. Rxc4 Rxc4 29. Bxc4 Ra8 30. a4 Kf7 31. Ke2 h6 32. Kd3 Bf6 33. Rc1 g5
34. g3 gxf4 35. gxf4 Bh4 36. Rc2 Be1 37. Ke2 Bh4 38. Kf3 Nf6 39. Re2 Ne4 40.
Rc2 Be1 41. Bd3 Nf6 42. Re2 Bc3 43. Bxf5 Kf8 44. Be6 Rb8 45. Rc2 1-0

[Event "ZMDI-Open 2013"]
[Site "Dresden"]
[Date "2013.08.10"]
[Round "1"]
[White "Proschmann, T."]
[Black "Wagner, D."]
[Result "0-1"]
[WhiteElo "2091"]
[BlackElo "2465"]
[PlyCount "90"]
[EventDate "2013.??.??"]

1. e4 e5 2. Nf3 Nc6 3. Bb5 a6 4. Bxc6 dxc6 5. O-O Qf6 6. d3 Ne7 7. Bg5 Qe6 8.
Nbd2 f6 9. Be3 Ng6 10. Nb3 Bd6 11. Nfd2 Qf7 12. Qh5 b6 13. Nc4 Be7 14. f4 exf4
15. Bxf4 Nxf4 16. Qxf7+ Kxf7 17. Rxf4 c5 18. Rff1 Be6 19. Ne3 Rhd8 20. Nf5 c4
21. Nxe7 cxb3 22. Nc6 Rd6 23. Ne5+ Ke7 24. Nf3 bxc2 25. d4 Bg4 26. e5 fxe5 27.
dxe5 Rc6 28. Rac1 Rd8 29. Kf2 Bxf3 30. Kxf3 Rf8+ 31. Ke2 Rxf1 32. Kxf1 Ke6 33.
Kf2 Kxe5 34. Ke3 b5 35. Kd3 Kd5 36. Ke3 b4 37. Kd3 a5 38. a3 b3 39. Kd2 Kd4 40.
g3 g5 41. h4 g4 42. h5 h6 43. Ke2 Rc3 44. Kd2 Rxg3 45. Rf1 Rd3+ 0-1

[Event "ZMDI-Open 2013"]
[Site "Dresden"]
[Date "2013.08.10"]
[Round "1"]
[White "Gutman, L."]
[Black "Frey, A."]
[Result "1-0"]
[WhiteElo "2451"]
[BlackElo "2089"]
[PlyCount "49"]
[EventDate "2013.??.??"]

1. Nf3 Nf6 2. g3 g6 3. Bg2 Bg7 4. O-O O-O 5. d4 d5 6. Bf4 c5 7. dxc5 Ne4 8. Qc1
Qa5 9. Bh6 Qxc5 10. Bxg7 Kxg7 11. Nfd2 Bf5 12. c4 Nc6 13. cxd5 Nd4 14. Qd1 Nxd2
15. Qxd2 Rac8 16. Nc3 b5 17. e3 Nc2 18. Rac1 b4 19. Ne4 Qc4 20. b3 Qc7 21. d6
exd6 22. Nxd6 Qd7 23. e4 Be6 24. e5 Bf5 25. g4 1-0

[Event "ZMDI-Open 2013"]
[Site "Dresden"]
[Date "2013.08.10"]
[Round "1"]
[White "Hecht, C."]
[Black "Farago, I."]
[Result "0-1"]
[WhiteElo "2087"]
[BlackElo "2447"]
[PlyCount "148"]
[EventDate "2013.??.??"]

1. e4 c5 2. Nf3 e6 3. d4 cxd4 4. Nxd4 a6 5. Bd3 Nf6 6. O-O Qc7 7. Nc3 Nc6 8.
Be3 Ne5 9. h3 Bc5 10. Kh1 d6 11. f4 Ng6 12. Qe1 Bd7 13. Qg3 O-O 14. Rae1 Qb6
15. e5 Nh5 16. Qg5 Nhxf4 17. Rxf4 dxe5 18. Bxg6 exf4 19. Bxh7+ Kxh7 20. Ne4 f6
21. Qh4+ Kg8 22. Nxc5 Qxc5 23. Nxe6 Qxc2 24. Nxf8 Bc6 25. Qg4 Rxf8 26. Bxf4
Qxb2 27. Re7 Rf7 28. Qc8+ Rf8 29. Qe6+ Kh8 30. Qg4 f5 31. Qg3 Qf6 32. Bg5 Qg6
33. Qf4 Rf7 34. Re5 Kh7 35. Qh4+ Kg8 36. Qf4 Rf8 37. Kh2 Qf7 38. Re2 Re8 39.
Rxe8+ Bxe8 40. Qd2 Bc6 41. Bf4 Qe6 42. Qd8+ Kh7 43. Qh4+ Kg6 44. Qg3+ Kf7 45.
a3 Qe4 46. Be5 g5 47. Bc3 Kg6 48. h4 Qxh4+ 49. Qxh4 gxh4 50. Kh3 Kh5 51. Bd2
Bd7 52. Bf4 Bb5 53. Bd6 Bf1 54. Bf4 b5 55. Bc7 Bc4 56. Bd8 f4 57. Bc7 Be6+ 58.
Kh2 Kg4 59. Kg1 Kg3 60. Ba5 Bd5 61. Be1+ Kg4 62. Kf2 f3 63. gxf3+ Bxf3 64. Ba5
Kf4 65. Bc7+ Ke4 66. Ke1 Kd3 67. Be5 Bg4 68. Bc7 Kc3 69. Bd8 h3 70. Bc7 Kb3 71.
Bd6 a5 72. Kd2 b4 73. axb4 axb4 74. Kd3 Ka2 0-1

[Event "ZMDI-Open 2013"]
[Site "Dresden"]
[Date "2013.08.10"]
[Round "1"]
[White "Seres, L."]
[Black "Pietzsch, M."]
[Result "1-0"]
[WhiteElo "2442"]
[BlackElo "2086"]
[PlyCount "67"]
[EventDate "2013.??.??"]

1. d4 Nf6 2. c4 c5 3. d5 b5 4. cxb5 a6 5. bxa6 Bxa6 6. g3 g6 7. Bg2 d6 8. b3
Bg7 9. Bb2 O-O 10. Nh3 Nbd7 11. O-O Qc7 12. Re1 Rfb8 13. Nd2 Ra7 14. Qc2 Rab7
15. Rac1 Qa5 16. Bc3 Qc7 17. Nf4 Ng4 18. Bxg7 Kxg7 19. Qc3+ Kg8 20. h4 Rb4 21.
Nd3 Bxd3 22. exd3 Ndf6 23. d4 Qa7 24. dxc5 dxc5 25. Qxc5 Qxc5 26. Rxc5 Rd4 27.
Nc4 Rd8 28. a4 Nxd5 29. Bxd5 R4xd5 30. Rxd5 Rxd5 31. a5 Rd7 32. b4 Rc7 33. a6
Nf6 34. Ra1 1-0

[Event "ZMDI-Open 2013"]
[Site "Dresden"]
[Date "2013.08.10"]
[Round "1"]
[White "Bösch, D."]
[Black "Sergeev, V."]
[Result "1-0"]
[WhiteElo "2077"]
[BlackElo "2436"]
[PlyCount "89"]
[EventDate "2013.??.??"]

1. c4 g6 2. Nc3 Bg7 3. g3 d6 4. Bg2 Nc6 5. d3 e5 6. e4 Nd4 7. Nce2 Ne6 8. Nh3
Ne7 9. Be3 O-O 10. Qd2 a6 11. O-O Rb8 12. d4 exd4 13. Nxd4 Nc6 14. Nxc6 bxc6
15. Rab1 c5 16. Bh6 Bxh6 17. Qxh6 Qf6 18. f4 Qg7 19. Qh4 Nd4 20. f5 f6 21. g4
g5 22. Qe1 Re8 23. Qd2 Bb7 24. Nf2 Qf7 25. b4 Qxc4 26. Kh1 Nb5 27. bxc5 dxc5
28. Rfc1 Qd4 29. Qc2 c4 30. Rd1 Na3 31. Qa4 Qxf2 32. Rxb7 Qe2 33. Rxb8 Rxb8 34.
Qd7 Rf8 35. h3 Nc2 36. Qe6+ Kh8 37. Rd8 Rxd8 38. Qxf6+ Kg8 39. Qxd8+ Kf7 40.
Qd7+ Kf6 41. Qe6+ Kg7 42. Qe7+ Kg8 43. e5 Qd2 44. Qe8+ Kg7 45. f6+ 1-0

[Event "ZMDI-Open 2013"]
[Site "Dresden"]
[Date "2013.08.10"]
[Round "1"]
[White "Dann, M."]
[Black "Herrich, C."]
[Result "1-0"]
[WhiteElo "2434"]
[BlackElo "2080"]
[PlyCount "56"]
[EventDate "2013.??.??"]

1. c4 Nf6 2. Nf3 g6 3. Nc3 Bg7 4. g3 d6 5. Bg2 O-O 6. O-O Nc6 7. Rb1 e5 8. d3
Nh5 9. b4 f5 10. Bg5 Qe8 11. Nd5 Rf7 12. b5 Nd8 13. Qd2 Qf8 14. Bxd8 Qxd8 15.
Ng5 Rf8 16. f4 h6 17. Nh3 Be6 18. Nb4 Qc8 19. a4 exf4 20. Nxf4 Nxf4 21. gxf4
Bd4+ 22. Kh1 Bb6 23. Nd5 Qd8 24. a5 c6 25. Nxb6 axb6 26. bxc6 bxc6 27. Rxb6 d5
28. Rxc6 Qd7 1-0

[Event "ZMDI-Open 2013"]
[Site "Dresden"]
[Date "2013.08.10"]
[Round "1"]
[White "Sturm, T."]
[Black "Fraczek, D."]
[Result "0-1"]
[WhiteElo "2035"]
[BlackElo "2422"]
[PlyCount "68"]
[EventDate "2013.??.??"]

1. d4 g6 2. c4 Bg7 3. Nc3 c5 4. Nf3 cxd4 5. Nxd4 Nc6 6. Nc2 Bxc3+ 7. bxc3 Qa5
8. Bb2 Nf6 9. Nd4 Nxd4 10. Qxd4 d6 11. e4 Be6 12. Bd3 Rc8 13. Bc1 O-O 14. Be3
Ng4 15. O-O Nxe3 16. fxe3 b6 17. Rfb1 Rc5 18. Rb5 Qa3 19. h4 Rfc8 20. Rb4 Qa6
21. h5 Qb7 22. hxg6 hxg6 23. Kf2 Rh5 24. a4 Rcc5 25. Be2 Rhe5 26. Bd3 Qc7 27.
Rh1 f6 28. Rh4 Rh5 29. Rxh5 Rxh5 30. Be2 Ra5 31. g3 Kg7 32. Bd3 Qc8 33. Bc2 Qh8
34. Bd1 Qh2+ 0-1

[Event "ZMDI-Open 2013"]
[Site "Dresden"]
[Date "2013.08.10"]
[Round "1"]
[White "Zwahr, P."]
[Black "Vogel, R."]
[Result "1-0"]
[WhiteElo "2363"]
[BlackElo "2061"]
[PlyCount "75"]
[EventDate "2013.??.??"]

1. e4 e5 2. Nf3 Nc6 3. Bb5 Nf6 4. O-O Nxe4 5. d4 Nd6 6. Bxc6 dxc6 7. dxe5 Nf5
8. Qxd8+ Kxd8 9. Nc3 Bd7 10. Rd1 Ke8 11. h3 h6 12. Bf4 Bb4 13. Ne4 Be6 14. c3
Bd5 15. Re1 Be7 16. e6 Bxe6 17. Bxc7 h5 18. Neg5 Bd5 19. b3 f6 20. c4 Bg8 21.
g4 hxg4 22. hxg4 fxg5 23. gxf5 Kf8 24. Rad1 Bh7 25. Rd7 Bf6 26. Be5 Bxf5 27.
Rxb7 Rd8 28. Nd4 Bc8 29. Bxf6 gxf6 30. Ne6+ Bxe6 31. Rxe6 Rh6 32. Rxc6 g4 33.
Rxa7 Ke8 34. Rg7 Rd1+ 35. Kg2 Kd8 36. Ra6 Ke8 37. Ra8+ Rd8 38. Rg8+ 1-0

[Event "ZMDI-Open 2013"]
[Site "Dresden"]
[Date "2013.08.10"]
[Round "1"]
[White "Zimmermann, C."]
[Black "Wichmann, C."]
[Result "0-1"]
[WhiteElo "2045"]
[BlackElo "2360"]
[PlyCount "86"]
[EventDate "2013.??.??"]

1. e4 e6 2. d4 d5 3. Nc3 Nf6 4. e5 Nfd7 5. Nce2 c5 6. c3 Nc6 7. f4 b5 8. a3 a5
9. Nf3 Ba6 10. g4 Be7 11. f5 Bh4+ 12. Ng3 Nf8 13. Be3 h5 14. g5 cxd4 15. cxd4
Bxg3+ 16. hxg3 exf5 17. Qb3 a4 18. Qc2 Qd7 19. Bd3 g6 20. Nh4 Ne6 21. O-O Ne7
22. b3 Rc8 23. Qe2 axb3 24. a4 Rc4 25. Bxc4 bxc4 26. Rfc1 Nc6 27. Qd2 O-O 28.
Nf3 Rb8 29. Rcb1 Qa7 30. Bf4 Nb4 31. Ne1 Qc7 32. Qd1 Qe7 33. Qd2 Kg7 34. Kg2
Qc7 35. Qd1 Na2 36. Rb2 Nc3 37. Qc1 Ne4 38. Rab1 Qa5 39. Nf3 Qxa4 40. Ra1 Qb5
41. Ra3 c3 42. Rbxb3 Qe2+ 43. Kg1 Rxb3 0-1

[Event "ZMDI-Open 2013"]
[Site "Dresden"]
[Date "2013.08.10"]
[Round "1"]
[White "Donchenko, A."]
[Black "Mager, D."]
[Result "1-0"]
[WhiteElo "2353"]
[BlackElo "2006"]
[PlyCount "63"]
[EventDate "2013.??.??"]

1. Nf3 Nf6 2. d4 g6 3. g3 Bg7 4. Bg2 d6 5. O-O O-O 6. b3 c5 7. c4 Nc6 8. Bb2 e6
9. Nc3 cxd4 10. Nxd4 Nxd4 11. Qxd4 Nd5 12. Qd2 Nxc3 13. Bxc3 Bxc3 14. Qxc3 Qc7
15. Rfd1 Rb8 16. Qd4 Rd8 17. Qxa7 Bd7 18. Rd2 Bc6 19. Rad1 Bxg2 20. Kxg2 Qc6+
21. Kg1 Ra8 22. Qe3 Rd7 23. a4 Rad8 24. h4 h5 25. Qf4 Qc8 26. Rd3 b6 27. e4 Qc6
28. Qe3 Kh7 29. Rd4 Qc5 30. Qg5 f5 31. Qf6 Re8 32. e5 1-0

[Event "ZMDI-Open 2013"]
[Site "Dresden"]
[Date "2013.08.10"]
[Round "1"]
[White "Sponheim, M."]
[Black "Schröder, J."]
[Result "0-1"]
[WhiteElo "2073"]
[BlackElo "2340"]
[PlyCount "51"]
[EventDate "2013.??.??"]

1. e4 e5 2. Nf3 Nc6 3. d4 exd4 4. Nxd4 Bb4+ 5. c3 Bc5 6. Be3 Bb6 7. Bc4 Nge7 8.
Nc2 O-O 9. Bxb6 axb6 10. Ne3 Ng6 11. O-O Nce5 12. Bb3 d6 13. f4 Nd7 14. Nd2 Nf6
15. Bc2 Bd7 16. Qf3 Bc6 17. Nd5 Bxd5 18. exd5 Re8 19. Kf2 Qd7 20. c4 Ng4+ 21.
Kg1 Ne3 22. Bxg6 Nxf1 23. Bxh7+ Kxh7 24. Qh5+ Kg8 25. Rxf1 Rxa2 26. f5 0-1

[Event "ZMDI-Open 2013"]
[Site "Dresden"]
[Date "2013.08.10"]
[Round "1"]
[White "Andre, G."]
[Black "Scherer, F."]
[Result "1-0"]
[WhiteElo "2333"]
[BlackElo "2072"]
[PlyCount "85"]
[EventDate "2013.??.??"]

1. d4 Nf6 2. c4 g6 3. Nc3 Bg7 4. e4 d6 5. f3 O-O 6. Bg5 c5 7. d5 Qa5 8. Qd2 a6
9. Bd3 Nbd7 10. Nge2 Ne5 11. O-O b5 12. cxb5 c4 13. Bc2 axb5 14. Nd4 b4 15.
Nce2 Ba6 16. Qe1 Nd3 17. Qh4 Nxb2 18. Nc6 Qc7 19. Ned4 b3 20. axb3 cxb3 21.
Bxb3 Bxf1 22. Rxf1 Nd3 23. Bc4 Nc5 24. Rc1 Rfe8 25. Kh1 Qb6 26. h3 Qb2 27. Qe1
Nh5 28. Nb5 Ra1 29. Rxa1 Qxa1 30. Qxa1 Bxa1 31. Nc7 f6 32. Bh6 Rf8 33. Nxe7+
Kf7 34. Bxf8 Kxf8 35. Nc6 Be5 36. Kg1 Bf4 37. Kf2 Bg3+ 38. Ke3 Nf4 39. Bf1 Nd7
40. Nd4 Ke7 41. Nce6 Nxe6 42. dxe6 Be5 43. exd7 1-0

[Event "ZMDI-Open 2013"]
[Site "Dresden"]
[Date "2013.08.10"]
[Round "1"]
[White "Osmanodja, F."]
[Black "Pallas, S."]
[Result "1-0"]
[WhiteElo "2290"]
[BlackElo "1903"]
[PlyCount "67"]
[EventDate "2013.??.??"]

1. e4 c5 2. Nf3 d6 3. d4 cxd4 4. Nxd4 Nf6 5. Nc3 a6 6. Be3 e6 7. Be2 Nbd7 8. f4
b5 9. Bf3 Bb7 10. e5 Bxf3 11. Qxf3 dxe5 12. Nc6 Qc7 13. Nxe5 Rc8 14. Nxd7 Qxd7
15. O-O Bc5 16. Bxc5 Rxc5 17. Qe3 Qc6 18. f5 e5 19. a3 O-O 20. Rad1 a5 21. Rd2
b4 22. axb4 axb4 23. Na2 Qb6 24. Kh1 Rfc8 25. Rfd1 h6 26. Qb3 Ne4 27. Re2 Rc4
28. Qf3 Ng5 29. Qb3 Ne4 30. Qf3 Ng5 31. Qb3 Ne4 32. Rf1 Qd4 33. Qd3 f6 34. b3
1-0

[Event "ZMDI-Open 2013"]
[Site "Dresden"]
[Date "2013.08.10"]
[Round "1"]
[White "Schulz, M."]
[Black "Skibbe, W."]
[Result "0-1"]
[WhiteElo "2046"]
[BlackElo "2292"]
[PlyCount "58"]
[EventDate "2013.??.??"]

1. e4 e5 2. Nf3 d6 3. Bc4 Be7 4. d4 exd4 5. Nxd4 Nf6 6. Nc3 O-O 7. O-O Re8 8.
f3 c6 9. a4 d5 10. exd5 cxd5 11. Bb5 Nc6 12. Kh1 Bd7 13. Bg5 a6 14. Nxc6 bxc6
15. Bd3 d4 16. Bxf6 Bxf6 17. Ne4 Be7 18. f4 f5 19. Ng3 Qc8 20. Bc4+ Kh8 21.
Qxd4 Bf6 22. Qd3 Bxb2 23. Rab1 Bf6 24. Nh5 Be7 25. Rfe1 Bf8 26. Red1 Be6 27.
Rb6 Qc7 28. Rdb1 Bxc4 29. Qxc4 Qxb6 0-1

[Event "ZMDI-Open 2013"]
[Site "Dresden"]
[Date "2013.08.10"]
[Round "1"]
[White "Hess, C."]
[Black "Brendel, B."]
[Result "1-0"]
[WhiteElo "2289"]
[BlackElo "2033"]
[PlyCount "91"]
[EventDate "2013.??.??"]

1. Nf3 Nc6 2. d4 d5 3. g3 Bf5 4. Bg2 e6 5. O-O Be7 6. c3 Nf6 7. Nbd2 Qd7 8. Nh4
Bg4 9. h3 Bh5 10. g4 g5 11. Nhf3 Bg6 12. Ne5 Nxe5 13. dxe5 Ne4 14. Nxe4 dxe4
15. Qxd7+ Kxd7 16. Rd1+ Kc8 17. Be3 a5 18. Rd2 h6 19. Rad1 a4 20. f3 a3 21. b4
Rd8 22. Rxd8+ Bxd8 23. f4 Ra6 24. Rd4 Rc6 25. c4 Be7 26. b5 Rc5 27. Bxe4 gxf4
28. Bxf4 c6 29. bxc6 Rxc6 30. Bxc6 Bc5 31. Bxb7+ Kxb7 32. e3 Bxd4 33. exd4 Bb1
34. Bxh6 Bxa2 35. Bf8 Bxc4 36. Bxa3 Kc6 37. Kf2 Kd5 38. Ke3 Bf1 39. h4 Bh3 40.
Kf4 Bf1 41. Bb2 Be2 42. h5 Kc6 43. h6 Bd3 44. Kg5 Kd7 45. Kf6 Ke8 46. Kg7 1-0

[Event "ZMDI-Open 2013"]
[Site "Dresden"]
[Date "2013.08.10"]
[Round "1"]
[White "Bräuer, F."]
[Black "Ditmas, H."]
[Result "1-0"]
[WhiteElo "2275"]
[BlackElo "2019"]
[PlyCount "108"]
[EventDate "2013.??.??"]

1. e4 c5 2. Nf3 Nc6 3. d4 cxd4 4. Nxd4 Nf6 5. Nc3 e5 6. Ndb5 d6 7. Bg5 a6 8.
Na3 b5 9. Nd5 Be7 10. Bxf6 Bxf6 11. c4 b4 12. Nc2 O-O 13. Bd3 Rb8 14. b3 Bg5
15. O-O a5 16. a3 Be6 17. axb4 Bxd5 18. cxd5 Nxb4 19. Na3 Qc7 20. Nc4 Ra8 21.
Ra4 Qc5 22. Be2 g6 23. g3 f5 24. Bf3 Ra7 25. Qe2 fxe4 26. Qxe4 Nc2 27. Nxe5
dxe5 28. Rc4 Qb6 29. Rxc2 Qxb3 30. Bg4 Qb8 31. h4 Be7 32. Rfc1 Kg7 33. Rc7 Rxc7
34. Qxe5+ Bf6 35. Qxc7+ Qxc7 36. Rxc7+ Rf7 37. d6 Bd8 38. Rc2 Rf8 39. f4 Kf6
40. Rc6 Kg7 41. Ra6 Rf6 42. Kg2 h6 43. Ra7+ Rf7 44. Ra8 Rf8 45. Kf3 g5 46. hxg5
hxg5 47. f5 Re8 48. Bh5 Rh8 49. Bg6 Rf8 50. Ke4 Bf6 51. Ra7+ Kg8 52. Rxa5 Rb8
53. Kd5 Rb3 54. Ke6 Rxg3 1-0

[Event "ZMDI-Open 2013"]
[Site "Dresden"]
[Date "2013.08.10"]
[Round "1"]
[White "Peil, C."]
[Black "Shvayger, Y."]
[Result "0-1"]
[WhiteElo "2015"]
[BlackElo "2265"]
[PlyCount "53"]
[EventDate "2013.??.??"]

1. d4 Nf6 2. c4 g6 3. Nc3 d5 4. Nf3 Bg7 5. Bf4 O-O 6. e3 c5 7. dxc5 Qa5 8. Rc1
dxc4 9. Bxc4 Qxc5 10. Bb3 Nc6 11. O-O Qh5 12. Qe2 Na5 13. Bd1 Be6 14. Ne5 Qxe2
15. Bxe2 Rac8 16. Rfd1 Nh5 17. Bxh5 gxh5 18. Nb5 f6 19. Nd3 a6 20. Nd4 Bxa2 21.
Ra1 Bc4 22. Rxa5 Bxd3 23. Ne6 Rfe8 24. f3 Bc4 25. Nxg7 Kxg7 26. e4 Bb5 27. Rd2
0-1

[Event "ZMDI-Open 2013"]
[Site "Dresden"]
[Date "2013.08.10"]
[Round "1"]
[White "Müller, M."]
[Black "Scharff, K."]
[Result "1/2-1/2"]
[WhiteElo "2264"]
[BlackElo "2013"]
[PlyCount "127"]
[EventDate "2013.??.??"]

1. d4 e6 2. Nf3 d6 3. g3 f5 4. Bg2 Nf6 5. b3 Be7 6. O-O O-O 7. c4 h6 8. Bb2 g5
9. Nc3 Ne4 10. Qc2 d5 11. Ne5 Bf6 12. Rad1 c6 13. Nxe4 dxe4 14. f3 exf3 15.
exf3 Qc7 16. Rfe1 Nd7 17. Nd3 Re8 18. Bh3 Kf7 19. Re2 Rg8 20. Rde1 Nf8 21. d5
cxd5 22. cxd5 Qxc2 23. dxe6+ Bxe6 24. Rxc2 Bxb2 25. Rxb2 Nd7 26. Rbe2 Rae8 27.
f4 b6 28. Bg2 Re7 29. Bc6 Nc5 30. Ne5+ Kf6 31. b4 Na6 32. fxg5+ hxg5 33. a3 Nb8
34. Bb5 a6 35. Bd3 Rge8 36. Nf3 Nc6 37. Bxa6 g4 38. Nh4 Nd4 39. Rd2 Rd7 40. Bc4
b5 41. Bf1 Red8 42. Rf2 Rc8 43. Re3 Rc1 44. h3 gxh3 45. Kh2 Rc2 46. Rxc2 Nxc2
47. Rc3 Rd2+ 48. Kxh3 f4+ 49. g4 Ne3 50. Bg2 Nxg4 51. a4 bxa4 52. b5 Ne5+ 53.
Kh2 Bd5 54. Kg1 Rd1+ 55. Kf2 Bxg2 56. Nxg2 f3 57. Ne3 Rd2+ 58. Kg3 Rb2 59. b6
Ke6 60. Ra3 Rb3 61. b7 Nd7 62. Rxb3 axb3 63. Nd1 Kd6 64. Kxf3 1/2-1/2

[Event "ZMDI-Open 2013"]
[Site "Dresden"]
[Date "2013.08.10"]
[Round "1"]
[White "Wilhelm, T."]
[Black "Holm, S."]
[Result "0-1"]
[WhiteElo "2013"]
[BlackElo "2256"]
[PlyCount "72"]
[EventDate "2013.??.??"]

1. d4 d5 2. c4 e6 3. Nc3 Nf6 4. Bg5 Be7 5. e3 h6 6. Bh4 Ne4 7. Bxe7 Qxe7 8. Rc1
O-O 9. Nf3 c6 10. Bd3 Nxc3 11. Rxc3 dxc4 12. Bxc4 Nd7 13. O-O b6 14. Qe2 c5 15.
Bb5 a6 16. Bc6 Ra7 17. Rfc1 cxd4 18. exd4 Nf6 19. Ne5 Rc7 20. Qc2 Rd8 21. Bf3
Rxc3 22. Qxc3 Bb7 23. Qb3 Bxf3 24. Nxf3 Nd5 25. Qa4 a5 26. a3 Qf6 27. Qc6 Qf4
28. Rd1 h5 29. Ne5 h4 30. Nd7 h3 31. gxh3 Qg5+ 32. Kf1 Qf5 33. Re1 Qxh3+ 34.
Kg1 Qg4+ 35. Kf1 Qxd4 36. Ne5 Qxb2 0-1

[Event "ZMDI-Open 2013"]
[Site "Dresden"]
[Date "2013.08.10"]
[Round "1"]
[White "Zahn, A."]
[Black "Paul, J."]
[Result "0-1"]
[WhiteElo "1962"]
[BlackElo "2238"]
[PlyCount "68"]
[EventDate "2013.??.??"]

1. e4 e6 2. d4 d5 3. Nc3 Bb4 4. exd5 exd5 5. Bd3 Nf6 6. Nge2 O-O 7. O-O c6 8.
Re1 Bg4 9. f3 Bh5 10. Nf4 Qc7 11. Kh1 Nbd7 12. Bd2 Bd6 13. Nce2 Rae8 14. c3 Bg6
15. g3 Bxd3 16. Nxd3 Re7 17. Bf4 Rfe8 18. Qd2 b6 19. Bxd6 Qxd6 20. Nef4 c5 21.
dxc5 bxc5 22. Rxe7 Rxe7 23. Re1 Rxe1+ 24. Qxe1 c4 25. Nb4 d4 26. cxd4 Qxd4 27.
Qe2 Ne5 28. Kg2 g5 29. Nh3 g4 30. Ng1 h5 31. f4 Nd3 32. Nxd3 cxd3 33. Qf2 Qd5+
34. Kf1 d2 0-1